000
00295nam a22001337a 4500
003
SGT
020
_a
8172242873
082
_a
920
_b
A64C
100
_a
CHAUDHURI, NIRAD C.
245
_a
AUTOBIOGRAPHY OF AN UNKNOWN INDIAN
260
_b
JAICO PUBLISHING
_c
1964
300
_a
610
942
_2
ddc
_c
BK
999
_c
32037
_d
32037